000 00612nam a2200229Ia 4500
003 OSt
005 20221007071909.0
006 a|||||r|||| 00| 0
007 ta
008 221006b |||||||| |||| 00| 0 eng d
024 _a16,504
037 _cTextual
040 _aFLL
_cFLL
_beng
041 _2eng
_aeng
082 _aY1:45:Zz7, H4
100 _aCraig R.N. Au.
_9689635
245 0 _aMental abnormality and crime
260 _aLondon
_bMacmillan & Co. England
_c1944
300 _axxiv,316p
_ccm.
942 _hY1:45:Zz7, H4
_cTEXL
_2CC
999 _c1144602
_d1144602